00893nam a22001697a 45000010005000000030006000050050017000110080041000280200018000690400029000870820008001161000019001242450090001432600036002333000047002695200407003168679FISKH20251010082401.0251010b cb ||||| |||| 00| 0 eng d a9781107663046 aFISKHbengcFISKHdFISKH a500 aBaxter, Fiona  aCambridge primary Science learners book 5 /cFiona Baxter, Liz Dilley, and Jon Board  aNew York : bCambridge, c2014. a110 ages : bcolor illustrations ; c28 cm aThis book is part of the Cambridge Primary Science series designed for students aged 10–11. It helps learners understand key science ideas through hands-on experiments, discussions, and real-life examples. Learners explore how the world works by asking questions, observing, investigating, and drawing conclusions like real scientists. The book develops both scientific knowledge and inquiry skills.